000 00978cam a22002897a 4500
003 CHAP
005 20220329133334.0
008 971013s r 10010 d
010 _a5119
011 _a6091
035 _a5309
040 _cCHAP
090 _aR-3179
111 0 0 _aInternational Conference on Leaf Protein Research (
_n2
_d: 1985
_c: Kyoto, Japan)
_959617
245 0 _aRecent advances in leaf protein research
_b: proceedings : contents
500 _aSobretiro de: Leaf Protein Newletter No. 10: III-1-III-6, 1986
501 _aEnc. con otro impreso similar
590 _aBATCH-UPD
_b10
_c20130110
_lUCH01
_h2148
590 _aBATCH-UPD
_b10
_c20130410
_lUCH01
_h1456
590 _aBATCH-UPD
_b10
_c20130914
_lUCH01
_h1619
590 _aCONVERSION
_b10
_c20130109
_lUCH01
_h1304
650 1 4 _aHojas como alimento.
_955864
650 1 4 _aPlantas forrajeras
_xProteĆ­nas.
_988978
901 _aBK
942 _cREIMP
949 _aR-3179
_bBC
_cR
_d-14880
_eTS1
_i5309
_mD
_si
999 _c5119
_d5119